000
00222nam a2200097Ia 4500
008
170627s9999 xx 000 0 und d
100
_a
COHEN STEVEN
245
0
_a
NEHGOTIATING SKILLS FOR MANAGERS
260
_b
TMH
260
_c
2008
546
_a
ENGLISH
999
_c
35677
_d
35677